Statistics for The Americas Geography by Letter - G

Click here to take the quiz!

General Stats

  • This quiz has been taken 21,065 times
  • The average score is 14 of 22

Answer Stats

ClueAnswer% Correct
Famous bridge of San FranciscoGolden Gate
99%
Southern U.S. stateGeorgia
97%
Michigan, Erie, Superior,
Huron, and Ontario
Great Lakes
93%
Central American countryGuatemala
92%
Mile-deep gorge in ArizonaGrand Canyon
84%
South American countryGuyana
81%
U.S. naval base in CubaGuantánamo Bay
79%
Pennsylvania Civil War battlegroundGettysburg
76%
Island nation invaded by the
United States in 1983
Grenada
63%
Nickname of New Jersey{Garden} State
62%
Posh D.C. neighborhood or
capital of the above
Georgetown
60%
The vast flat area in the middle
of North America
Great Plains
59%
Mexico's second biggest cityGuadalajara
59%
Term for a "cowboy" of South AmericaGaucho
58%
Lower Manhattan neighborhood
called "The Village"
Greenwich Village
53%
Decaying industrial city in Indiana;
Birthplace of Michael Jackson
Gary
51%
Texas city on a barrier island; Site of the
deadliest hurricane in U.S. History
Galveston
42%
NYC bridge; The busiest in the worldGeorge Washington
37%
Second biggest city in MichiganGrand Rapids
35%
National park in northern MontanaGlacier
29%
Biggest city in EcuadorGuayaquil
25%
U.S. territorial acquisition of 1853{Gadsden} Purchase
17%

Score Distribution

Percentile by Number Answered

Percent of People with Each Score

Your Score History

You have not taken this quiz